000 00853nab a2200253 u 4500
001 15000
003 HDC
007 cr bn ---aaaaa
008 210216c20150115my dr|nes 0 a may d
040 _aHDC
100 _aSofyan Rizal Ishak
_eauthor
_98392
245 0 _aMITI teliti 24 perjanjian / oleh
_cSofyan Rizal Ishak
260 _aKuala Lumpur :
_bThe New Straits Times Press (M) Bhd.,
_c2015
336 _atext
_2rdacontent
337 _acomputer
_2rdamedia
338 _aonline resource
_2rdacarrier
650 _aland transportation
_915337
650 _atrade industry
_96708
710 _aHarian Metro
856 _zRequest full-text at [email protected]
942 _2lcc
942 _cNEWS
942 _kNWSC 005690
999 _c12316
_d12316